000 00198nam a22000977a 4500
999 _c16266
_d16266
003 OSt
008 200629b ||||| |||| 00| 0 eng d
100 _aDighe
_94660
245 _aHydraulics
942 _cBK